Вып. 1 (27); Вычислительная техника социалистических стран

Manylion Llyfryddiaeth
Parent link:Вычислительная техника социалистических стран: сборник статей/ Межправительственная комиссия по сотрудничеству социалистических стран в области вычислительной техники ; под ред. Ю. В. Терехова. Вып. 1 (27).— , 1977-1990
Crynodeb:Исключено из фонда НТБ ТПУ
Iaith:Rwseg
Cyhoeddwyd: 1990
Fformat: MixedMaterials Llyfr
KOHA link:https://koha.lib.tpu.ru/cgi-bin/koha/opac-detail.pl?biblionumber=228455

MARC

LEADER 00000nam2a2200000 4500
001 228455
005 20231031201547.0
020 |a RU  |b 89-53964ж 
035 |a (RuTPU)RU\TPU\book\248929 
035 |a RU\TPU\book\227638 
035 |a RU\TPU\book\248929 
090 |a 228455 
100 |a 20120203d1990 k y0rusy5003 ca 
101 0 |a rus 
102 |a RU 
105 |a a z 000zy 
200 0 |a Вып. 1 (27) 
210 |d 1990 
215 |a 210 с.  |c ил. 
333 |a Исключено из фонда НТБ ТПУ 
461 1 |0 (RuTPU)RU\TPU\book\233225  |t Вычислительная техника социалистических стран  |o сборник статей  |f Межправительственная комиссия по сотрудничеству социалистических стран в области вычислительной техники ; под ред. Ю. В. Терехова  |v Вып. 1 (27)  |d 1977-1990 
801 0 |a RU  |b RuMRKP  |c 19950417  |g psbo 
801 1 |a RU  |b 63413507  |c 20121219 
801 2 |a RU  |b 63413507  |c 20220412  |g RCR 
942 |c BK